Studying the History of Latin America: A Case of Hemispheric Convergence /
Salvato in:
| Autore principale: | |
|---|---|
| Natura: | testo |
| Soggetti: | |
| Tags: |
Aggiungi Tag
Nessun Tag, puoi essere il primo ad aggiungerne!!
|
MARC
| LEADER | 00000 a a2200000 04500 | ||
|---|---|---|---|
| 001 | 43121 | ||
| 003 | |||
| 040 | |||
| 100 | |a Skidmore, Thomas E. | ||
| 245 | |a Studying the History of Latin America: |b A Case of Hemispheric Convergence / |c Thomas E. Skidmore | ||
| 650 | |a ANALISIS COMPARATIVO | ||
| 650 | |a ANALISIS HISTORICOS | ||
| 650 | |a HISTORIA | ||
| 650 | |a AMERICA LATINA | ||
| 773 | |g volumen33, número1 (1998), páginas 105-127 | ||
| 999 | |c 20821 |d 20821 | ||
